000 00483nam a2200205Ia 4500
001 12178
003 GE_BSU
008 181216s||||||||xx |||||||||||||| ||und||
020 _a100781755646
040 _cGE_BSU
080 _a614.4
100 _aRothman,Kenneth J; Greenland,Sander; lash,Timothy L.
245 _aModern Epidemiology.
260 _aPhiladelphia.
260 _c2008
300 _a758p;26cm.
541 _h210ლ.
653 _aModern Epidemiology.
942 _cBK
999 _c45354
_d45354